Nouvelle chrestomathie démotique (Record no. 163396)

MARC details
000 -LEADER
campo de control de longitud fija 00885nam a22002175i 4500
001 - NÚMERO DE CONTROL
campo de control 163396
003 - IDENTIFICADOR DE NÚMERO DE CONTROL
campo de control ES-MaACL
005 - FECHA Y HORA DE LA ÚLTIMA TRANSACCIÓN
campo de control 20230906212731.0
008 - DATOS DE LONGITUD FIJA--INFORMACIÓN GENERAL
campo de control de longitud fija 050721s1878 fr | |||||||| ||fre d
040 ## - FUENTE DE CATALOGACIÓN
Centro catalogador/agencia de origen CAM
Lengua de catalogación spa
Centro/agencia transcriptor CAM
100 1# - ENTRADA PRINCIPAL--NOMBRE DE PERSONA
Nombre de persona Revillout, Eugéne.
9 (RLIN) 96448
245 10 - MENCIÓN DEL TÍTULO
Título Nouvelle chrestomathie démotique
Resto del título : mission de 1878, contrats de Berlin, Vienne, Leyde, etc. /
Mención de responsabilidad, etc. par Eugène Revillout.
260 ## - PUBLICACIÓN, DISTRIBUCIÓN, ETC.
Lugar de publicación, distribución, etc. Paris [etc.] :
Nombre del editor, distribuidor, etc. Ernest Leroux [etc.],
Fecha de publicación, distribución, etc. 1878 (
Fabricante Typographie G. Chamerot)
300 ## - DESCRIPCIÓN FÍSICA
Extensión XII, 160 p. ;
Dimensiones 27 cm.
597 ## - NOTA DE DESCRIPCIÓN FÍSICA
NOTA DE DESCRIPCIÓN FÍSICA Port. y prefacio impresos, las 160 p. de texto son una reproducción mecánica de palabras ms. con su equivalencia jeroglífica.
650 #4 - PUNTO DE ACCESO ADICIONAL DE MATERIA--TÉRMINO DE MATERIA
Término de materia o nombre geográfico como elemento de entrada Lengua egipcia-
Subdivisión de forma Dicionarios.
9 (RLIN) 223836
650 #4 - PUNTO DE ACCESO ADICIONAL DE MATERIA--TÉRMINO DE MATERIA
Término de materia o nombre geográfico como elemento de entrada Lengua demótica-
Subdivisión general Gramática.
9 (RLIN) 136356
752 ## - ENTRADA AGREGADA--NOMBRE JERÁRQUICO DEL LUGAR
País o entidad superior Francia -
Ciudad París
852 ## - LOCALIZACIÓN
Ubicación ES-MaACL
Número de control de estantería G-9736
Nota libre -- Enc. hol.
Holdings
Estatus retirado Estado de pérdida Estado de daño No para préstamo Colección Biblioteca de origen Biblioteca actual Ubicación en estantería Fecha de adquisición Fuente de adquisición Total de préstamos Signatura topográfica completa Código de barras Visto por última vez Precio de reemplazo Tipo de ítem Koha
        Libros del s. XIX Biblioteca del Ateneo de Madrid Biblioteca del Ateneo de Madrid Sala Pecera Planta 3 17/01/2008     G-9736 1171224 23/02/2023 23/02/2023 Libro impreso antiguo